Czeskie i Słowackie Marki Samochodów - Statystyki

Ogólne statystyki
  • Ten quiz został rozwiązany 49 razy
  • Średni wynik to 2 z 8
Statystyki odpowiedzi
Obrazkowy Odpowiedź % Poprawnych
Škoda
100%
Tatra
61%
Trnavské Automobilové Závody
51%
Laurin & Klement
10%
Praga
7%
Karosa
5%
MTX
5%
Avia
0%
Nie znaleziono quizów pasujących do podanych kryteriów
Rozkład punktacji
Procent ludzi z każdym wynikiem
Percentyl według liczby udzielonych odpowiedzi
Twoja historia wyników
Nie rozwiązałeś tego quizu